000 00613nam a22001937a 4500
005 20251108173154.0
008 250721s2000 xx 000 0 ara d
082 1 4 _a344.09600956/ زعب
100 1 _aالزعبي، تيسير أحمد
245 1 0 _aمجموعة التشريعات الشرعية : القوانين و الأنظمة و التعليمات /
264 1 _aعمان :
_bالزعبي،
_c2000.
300 _a361ص.
650 1 7 _aالقانون الاجتماعي
650 1 7 _aالأوقاف
650 1 7 _aالمقدسات
650 1 7 _aالأردن
942 _2ddc
_cBK
999 _c97724
_d97724